| 000 | 00826nam a2200241Ia 4500 | ||
|---|---|---|---|
| 999 |
_c5288 _d5288 |
||
| 003 | OSt | ||
| 005 | 20200521152924.0 | ||
| 008 | 191128t1968 ag fr 000 0 spa d | ||
| 040 |
_aCO-JMCR _cCO-JMCR |
||
| 041 | 1 |
_aspa _heng |
|
| 082 | 0 | 4 |
_a330 / _bM965h _223 |
| 100 | 1 |
_aMundell, Robert A., _eautor _94680 |
|
| 245 | 1 | 0 |
_aEl hombre y la economía / _cRobert A. Mundell ; traducción Graciela Mellibovsky |
| 260 |
_aBuenos Aires ; México : _bAmorrortu : Centro Regional de Ayuda Técnica, _c©1968 |
||
| 300 |
_a178 páginas ; _c19 cm. |
||
| 505 | 0 | _aLos principios -- Los problemas -- Cursos de acción | |
| 534 | _pMan and economics | ||
| 546 | _aTraducido del inglés | ||
| 650 | 1 | 4 |
_aEconomía _94681 |
| 650 | 1 | 4 |
_aEconomía política _91838 |
| 700 | 1 |
_aMellibovsky, Graciela, _etraductora _94682 |
|
| 942 |
_2ddc _cBK |
||